Medieval philosophy (Record no. 63454)
[ view plain ]
| 000 -LEADER | |
|---|---|
| fixed length control field | 00515nam a2200205Ia 4500 |
| 003 - CONTROL NUMBER IDENTIFIER | |
| control field | 0100 |
| 008 - FIXED-LENGTH DATA ELEMENTS--GENERAL INFORMATION | |
| fixed length control field | 130303s9999 xx 000 0 und d |
| 040 ## - CATALOGING SOURCE | |
| Transcribing agency | ARRUPELIB |
| 050 ## - LIBRARY OF CONGRESS CALL NUMBER | |
| Classification number | B721.K36 2005 |
| 300 ## - PHYSICAL DESCRIPTION | |
| Other physical details | 334p. 25cm. |
| 100 ## - MAIN ENTRY--PERSONAL NAME | |
| Personal name | Kenny, Anthony John Patrick |
| 245 ## - TITLE STATEMENT | |
| Title | Medieval philosophy |
| 260 ## - PUBLICATION, DISTRIBUTION, ETC. (IMPRINT) | |
| Place of publication, distribution, etc | Oxford |
| 260 ## - PUBLICATION, DISTRIBUTION, ETC. (IMPRINT) | |
| Name of publisher, distributor, etc | Clarendon Press |
| 260 ## - PUBLICATION, DISTRIBUTION, ETC. (IMPRINT) | |
| -- | 2005 |
| 300 ## - PHYSICAL DESCRIPTION | |
| Extent | xvii |
| 440 ## - SERIES STATEMENT/ADDED ENTRY--TITLE | |
| Title | A new history of western philosophy No. 2 |
| 650 ## - SUBJECT ADDED ENTRY--TOPICAL TERM | |
| Topical term following geographic name as entry element | Catholic church--Doctrines |
| 942 ## - ADDED ENTRY ELEMENTS (KOHA) | |
| Source of classification or shelving scheme | Library of Congress Classification |
| Koha issues (borrowed), all copies | 23 |
| Withdrawn status | Lost status | Source of classification or shelving scheme | Damaged status | Not for loan | Collection code | Home library | Current library | Date acquired | Total Checkouts | Full call number | Barcode | Date last seen | Date checked out | Copy number | Price effective from | Koha item type | Shelving location |
|---|---|---|---|---|---|---|---|---|---|---|---|---|---|---|---|---|---|
| Library of Congress Classification | Main Collection | ARRUPE LIBRARY | ARRUPE LIBRARY | 05/03/2013 | 13 | B72.K4455 2004 | 46003097803 | 22/10/2015 | 13/10/2015 | 1 | 05/03/2013 | Monograph ( Printed materials) | |||||
| Library of Congress Classification | Main Collection | ARRUPE LIBRARY | ARRUPE LIBRARY | 21/10/2014 | 18 | B72.K4455 2004 | 46500003753 | 04/04/2018 | 03/04/2018 | 21/10/2014 | Monograph ( Printed materials) | Main Collection | |||||
| Library of Congress Classification | Main Collection | ARRUPE LIBRARY | ARRUPE LIBRARY | 21/10/2014 | 11 | B72.K4455 2004 | 46500003754 | 20/03/2019 | 06/03/2019 | 21/10/2014 | Monograph ( Printed materials) | Main Collection | |||||
| Library of Congress Classification | Main Collection | ARRUPE LIBRARY | ARRUPE LIBRARY | 21/10/2014 | 14 | B72.K4455 2004 | 46500003755 | 11/04/2018 | 26/03/2018 | 21/10/2014 | Monograph ( Printed materials) | Main Collection |